| 000 | 00565nam a22001697a 4500 | ||
|---|---|---|---|
| 999 |
_c60769 _d60769 |
||
| 005 | 20231019163210.0 | ||
| 008 | 231019s1991 ru ||||| |||| 00| 0 rus d | ||
| 020 | _a5250012930 | ||
| 041 | _arus | ||
| 080 | _a1(09)+008 Л-79 | ||
| 100 |
_aЛосев А.Ф. _920142 |
||
| 245 |
_aФилософия. Мифология. Культура / _cА.Ф. Лосев. |
||
| 264 |
_aМ.: _bПолитиздат, _c1991. |
||
| 300 |
_a 525 стр.; _b22 см. |
||
| 653 | _aფილოსოფია. მითოლოგია. კულტურა | ||
| 942 |
_2udc _cBK |
||